| 000 | 00351nam a22001337a 4500 | ||
|---|---|---|---|
| 008 | 181102b xxu||||| |||| 00| 0 eng d | ||
| 020 | _a9780262571197 | ||
| 041 | _aeng | ||
| 080 | _a101 | ||
| 100 | _a24 | ||
| 101 | _aFIL | ||
| 245 |
_aThinking Things Through. An introduction to Philosophical Issues and Achievements _cGlymour, C |
||
| 942 |
_2udc _cBK |
||
| 999 |
_c51684 _d51684 |
||